[Event "18th European Teams w"]
[Site "Porto Carras GRE"]
[Date "2011.11.03"]
[Round "1.1"]
[White "Reizniece-Ozola, Dana"]
[Black "Madl, Ildiko"]
[Result "1-0"]
[WhiteElo "2281"]
[BlackElo "2399"]
[PlyCount "77"]
[EventDate "2011.??.??"]
[WhiteTeam "Latvia"]
[BlackTeam "Hungary"]
[WhiteTeamCountry "LAT"]
[BlackTeamCountry "HUN"]

1. c4 c6 2. e4 d5 3. exd5 cxd5 4. d4 Nf6 5. Nc3 e6 6. Nf3 Be7 7. Bd3 dxc4 8.
Bxc4 O-O 9. O-O a6 10. Re1 b5 11. Bb3 Bb7 12. Ne5 Nc6 13. Be3 Nb4 14. a4 bxa4
15. Nxa4 Bd5 16. Nc5 a5 17. Ba4 Ra7 18. Bg5 Kh8 19. Ra3 Ng8 20. Bf4 Bd6 21. Rh3
Bxe5 22. Rxe5 h6 23. Qd2 f6 24. Nxe6 Bxe6 25. Rxe6 Qd5 26. Bb3 Qf5 27. Bd6 Rd8
28. Bxb4 axb4 29. Re1 Qb5 30. Rhe3 Rb7 31. h3 f5 32. Re5 Qd7 33. Rd5 Qc8 34.
Rc1 Qb8 35. Rxf5 Nf6 36. Rxf6 gxf6 37. Qxh6+ Rh7 38. Qxf6+ Rg7 39. Rc5 1-0

[Event "18th European Teams w"]
[Site "Porto Carras GRE"]
[Date "2011.11.03"]
[Round "1.2"]
[White "Rudolf, Anna"]
[Black "Berzina, Ilze"]
[Result "1-0"]
[WhiteElo "2347"]
[BlackElo "2320"]
[PlyCount "93"]
[EventDate "2011.??.??"]
[WhiteTeam "Hungary"]
[BlackTeam "Latvia"]
[WhiteTeamCountry "HUN"]
[BlackTeamCountry "LAT"]

1. d4 d5 2. c4 e6 3. Nf3 c6 4. Qc2 dxc4 5. Qxc4 b5 6. Qc2 Bb7 7. e4 Nd7 8. Be2
a6 9. Be3 Ngf6 10. O-O c5 11. dxc5 Bxe4 12. Qc1 Rc8 13. b4 Nd5 14. Bg5 Be7 15.
Bxe7 Qxe7 16. Qa3 Nf4 17. Qe3 Nxe2+ 18. Qxe2 Bb7 19. Nc3 O-O 20. Rfd1 Nf6 21.
Rd6 Nh5 22. Qe3 Qf6 23. Ne5 Nf4 24. c6 Ba8 25. Re1 Qg5 26. g3 Nh3+ 27. Kg2 f6
28. Nf3 Qxe3 29. Rxe3 Ng5 30. Nxg5 fxg5 31. Rexe6 Rf6 32. Rxf6 gxf6 33. Nd5 Kg7
34. Ne7 Rc7 35. Nf5+ Kg6 36. Nd4 g4 37. Kf1 Rc8 38. Ke2 h5 39. Kd3 Kg5 40. Ne6+
Kf5 41. Nd4+ Kg6 42. Ke4 Re8+ 43. Ne6 Re7 44. Kd5 Kf5 45. Nd4+ Kg6 46. Kc5 Kf7
47. Kb6 1-0

[Event "18th European Teams w"]
[Site "Porto Carras GRE"]
[Date "2011.11.03"]
[Round "1.3"]
[White "Erneste, Inguna"]
[Black "Gara, Ticia"]
[Result "1/2-1/2"]
[WhiteElo "2218"]
[BlackElo "2375"]
[PlyCount "102"]
[EventDate "2011.??.??"]
[WhiteTeam "Latvia"]
[BlackTeam "Hungary"]
[WhiteTeamCountry "LAT"]
[BlackTeamCountry "HUN"]

1. e4 c5 2. Nf3 d6 3. d4 cxd4 4. Nxd4 Nf6 5. Nc3 a6 6. Be2 e6 7. O-O Be7 8. a4
Nc6 9. Be3 O-O 10. f4 Qc7 11. Nb3 b6 12. Bf3 Rb8 13. Qe2 Re8 14. Qf2 Bf8 15.
Kh1 Nb4 16. Rad1 e5 17. h3 Be6 18. Nc1 b5 19. axb5 axb5 20. Rd2 Nc6 21. f5 Bc4
22. Re1 b4 23. Na4 Nd7 24. Be2 Bxe2 25. Nxe2 Na5 26. b3 Rec8 27. Ng3 f6 28.
Red1 Qc6 29. Qe2 Ra8 30. Bf2 Nc4 31. Rd5 Na3 32. Rc1 Qa6 33. Qd2 Rab8 34. Kh2
Rc6 35. Nf1 Nxc2 36. Rxc2 Rxc2 37. Qxc2 Qxf1 38. Be3 Qa6 39. Qc7 Qb7 40. Qc4
Kh8 41. Ra5 Rc8 42. Qd3 Qc6 43. Ra6 Qc2 44. Qd5 Qe2 45. Rc6 Rxc6 46. Qxc6 Qxe3
47. Qxd7 Qf4+ 48. Kh1 Qf1+ 49. Kh2 Qf4+ 50. Kh1 Qf1+ 51. Kh2 Qf4+ 1/2-1/2

[Event "18th European Teams w"]
[Site "Porto Carras GRE"]
[Date "2011.11.03"]
[Round "1.4"]
[White "Gara, Anita"]
[Black "Ungure, Liga"]
[Result "1-0"]
[WhiteElo "2340"]
[BlackElo "2066"]
[PlyCount "91"]
[EventDate "2011.??.??"]
[WhiteTeam "Hungary"]
[BlackTeam "Latvia"]
[WhiteTeamCountry "HUN"]
[BlackTeamCountry "LAT"]

1. e4 c5 2. Nf3 d6 3. d4 cxd4 4. Qxd4 Nc6 5. Bb5 Bd7 6. Bxc6 Bxc6 7. Nc3 e6 8.
Bg5 Nf6 9. O-O-O Be7 10. Qd3 O-O 11. Nd4 Qa5 12. f4 Rfd8 13. Kb1 a6 14. h4 Be8
15. f5 e5 16. Nb3 Qc7 17. Bxf6 Bxf6 18. Nd5 Qb8 19. g4 Bc6 20. g5 Bxd5 21. Qxd5
Be7 22. Rh3 Qc7 23. Rc3 Qb6 24. f6 Bf8 25. Rf1 g6 26. h5 Qb5 27. Qxb5 axb5 28.
hxg6 fxg6 29. Rc7 d5 30. Rh1 dxe4 31. Rcxh7 Rd1+ 32. Rxd1 Kxh7 33. Re1 Ra4 34.
Re3 Rc4 35. c3 Bc5 36. Rh3+ Kg8 37. Nd2 Ra4 38. b3 Ra6 39. Nxe4 Bf8 40. Rd3 Rc6
41. Rd5 b4 42. c4 Re6 43. Rd7 Rb6 44. Kb2 Kh8 45. Rd8 Kg8 46. Nc5 1-0